000 00999nam a2200253Ia 4500
003 OSt
005 20220930194417.0
006 a|||||r|||| 00| 0
007 ta
008 220926b |||||||| |||| 00| 0 eng d
024 _a12746
037 _cDissertations
040 _aCRL
_cCRL
_beng
041 _2eng
_aeng
100 _aShah Yashodhara
_9563221
110 _aUniversity of Delhi. Faculty of Medical Sciences. Department of Dermatology
245 0 _aLevel of interleukin-1(1L-1), soluble interleukin-2 receptors (SIL-2R) in convalescing patients of reaction of leprosy type 1 (lepra) and type 11(ENL) and their possible role in modifying of C reative protein and other acute phase reactants
260 _c1990
650 _aSKIN - DISEASES
700 _a Dr V N Sehgal Supervisor
_9521122
700 _aUniversity of Delhi. Faculty of Medical Sciences. Department of Dermatology
942 _cDIS
_2CC
999 _c897687
_d897687